[Event "Super-Match ICF -v- NE"]
[Site "SchemingMind.com"]
[Date "2011.06.15"]
[Round "-"]
[White "Marco_M"]
[Black "Clive Everill"]
[Result "1-0"]
[WhiteCountry "ITA"]
[BlackCountry "CZE"]
[WhiteElo "1960"]
[WhiteRD "138"]
[BlackElo "1760"]
[BlackRD "50"]
[GameID "286751"]

1. e4 e6 2. d4 d5 3. Nc3 Nc6 4. e5 Nge7 5. Bg5 h6 6. Bxe7 Qxe7 7. Nf3 Bd7 8. a3 O-O-O 9. b4 Nb8 10. Bd3 f5
11. Qe2 g5 12. Nd2 Nc6 13. Nb3 Be8 14. Bb5 h5 15. Qd3 Qg7 16. Bxc6 Bxc6 17. b5 Be8 18. Na4 f4 19. Nac5 Bd7 20. a4 g4
21. a5 g3 22. hxg3 fxg3 23. f3 Be7 24. b6 a6 25. Nxa6 c6 26. Nc7 Bb4+ 27. c3 Be7 28. a6 Be8 29. Nxe6 Qg6 30. Nec5 Bxc5
31. Nxc5 Qxd3 32. axb7+
1-0

[Event "Super-Match ICF -v- NE"]
[Site "SchemingMind.com"]
[Date "2011.06.15"]
[Round "-"]
[White "assegai"]
[Black "tecamac"]
[Result "1-0"]
[WhiteCountry "ENG"]
[BlackCountry "FRA"]
[WhiteElo "1704"]
[WhiteRD "68"]
[BlackElo "1562"]
[BlackRD "83"]
[GameID "286732"]

1. e4 e5 2. Nf3 Nc6 3. Bc4 Bc5 4. d3 h6 5. c3 d6 6. O-O Bg4 7. b4 Bb6 8. b5 Na5 9. Bb3 Nf6 10. Be3 Nh7
11. Nbd2 Ng5 12. h3 Bxf3 13. Nxf3 Qf6 14. Bc2 Nxf3+ 15. gxf3 Bxe3 16. fxe3 h5 17. Kh2 Rh6 18. Qe2 h4 19. f4 exf4 20. d4 Qg5
21. Rg1 Qf6 22. Raf1 O-O-O 23. Rxf4 Qe6 24. Rxg7 Qxa2 25. Rfxf7 Rg6 26. Rxc7+ Kb8 27. Rh7 Qa1 28. Qd1 Qb2 29. Rcg7 Rg8 30. Rxg6 Rxg6
31. Qe2 Qxc3 32. Qf2 Qc8 33. e5 Re6 34. Bf5 Qg8 35. Bxe6 Qxh7 36. Qf8+ Kc7 37. Qxd6#
1-0

[Event "Super-Match ICF -v- NE"]
[Site "SchemingMind.com"]
[Date "2011.06.15"]
[Round "-"]
[White "tecamac"]
[Black "assegai"]
[Result "1/2-1/2"]
[WhiteCountry "FRA"]
[BlackCountry "ENG"]
[WhiteElo "1562"]
[WhiteRD "83"]
[BlackElo "1704"]
[BlackRD "68"]
[GameID "286752"]

1. e4 c5 2. Nf3 Nc6 3. c3 Nf6 4. Qc2 d6 5. Bb5 Bd7 6. O-O e6 7. d4 cxd4 8. cxd4 Rc8 9. Bxc6 Bxc6 10. Nc3 Bxe4
11. Qe2 Bf5 12. Bg5 Be7 13. Qb5+ Qd7 14. Bxf6 Bxf6 15. Qxd7+ Kxd7 16. Rac1 a6 17. Ne2 Bg4 18. d5 Bxf3 19. dxe6+ fxe6 20. gxf3 Rxc1
21. Rxc1 Bxb2 22. Rb1 Bf6 23. Rxb7+ Kc6 24. Rb1 Rf8 25. Kg2 e5 26. Rc1+ Kd7 27. Rc4 Ke6 28. Ra4 Ra8 29. Nc1 d5 30. Nb3 Kd6
31. Kg3 h5 32. h4 d4 33. f4 Kd5 34. fxe5 Bxe5+ 35. Kf3 Rf8+ 36. Ke2 Rf6 37. Ra5+ Ke4 38. Nc5+ Kf5 39. Nd7 Re6 40. Kd3 Kf4
41. Nc5 Rc6 42. Ne4 Re6=
1/2-1/2

[Event "Super-Match ICF -v- NE"]
[Site "SchemingMind.com"]
[Date "2011.06.18"]
[Round "-"]
[White "Andreas Flato"]
[Black "DreamCreature"]
[Result "0-1"]
[WhiteCountry "GER"]
[BlackCountry "USA"]
[WhiteElo "1771"]
[WhiteRD "76"]
[BlackElo "1734"]
[BlackRD "86"]
[GameID "286733"]

1. e4 e5 2. Bc4 Nf6 3. d3 Bc5 4. Nf3 Nc6 5. a3 h6 6. O-O d6 7. h3 O-O 8. Nc3 Be6 9. Nd5 Bxd5 10. Bxd5 Nxd5
11. exd5 Ne7 12. c4 b5 13. b4 Bb6 14. Be3 Qd7 15. Nd2 Nf5 16. Bxb6 axb6 17. Qg4 g6 18. Ne4 Kg7 19. h4 h5 20. Qf3 Qe7
21. g3 Nd4 22. Qd1 Qd7 23. Kg2 f5 24. Ng5 f4 25. Kh2 fxg3+ 26. fxg3 Rxf1 27. Qxf1 Rf8 28. Qg2 Qg4 29. Rf1 Rxf1 30. Qxf1 Qf5
31. Kg2= Qxf1+ 32. Kxf1 bxc4 33. dxc4 Kf6 34. Kf2 Kf5 35. Ke3 Nc2+ 36. Kd3 Nxa3 37. Ne6 b5 38. cxb5 Nxb5 39. Ng5 Nd4 40. Ne4 Kg4
41. Kc4 Nf5 42. b5 Nxg3 43. Nxd6 e4 44. Kd4 Kf4 45. Nxe4 Nxe4
0-1

[Event "Super-Match ICF -v- NE"]
[Site "SchemingMind.com"]
[Date "2011.06.19"]
[Round "-"]
[White "DreamCreature"]
[Black "Andreas Flato"]
[Result "0-1"]
[WhiteCountry "USA"]
[BlackCountry "GER"]
[WhiteElo "1738"]
[WhiteRD "89"]
[BlackElo "1742"]
[BlackRD "83"]
[GameID "286753"]

1. e4 e5 2. Nf3 d6 3. d4 exd4 4. Nxd4 Nf6 5. Nc3 Be7 6. Bc4 O-O 7. O-O c6 8. Re1 b5 9. Bd3 b4 10. Nce2 c5
11. Nf3 Bb7 12. Bd2 Nxe4 13. Bxe4 Bxe4 14. Ng3 Bb7 15. c3 bxc3 16. Bxc3 Bf6 17. Bxf6 Qxf6 18. Ne4 Bxe4 19. Rxe4 Nc6 20. Qd2 Rab8
21. Rb1 Qg6 22. Rbe1 h6 23. Nh4 Qf6 24. b3 Nd4 25. Rf4 Qg5 26. Qc1 Rbe8 27. Rxe8 Rxe8 28. Kf1 Ne2 29. Qe1 Qxf4 30. Nf3 Ng3+
0-1

[Event "Super-Match ICF -v- NE"]
[Site "SchemingMind.com"]
[Date "2011.06.18"]
[Round "-"]
[White "agoodhobby"]
[Black "turbo_lag"]
[Result "0-1"]
[WhiteCountry "USA"]
[BlackCountry "USA"]
[WhiteElo "1521"]
[WhiteRD "71"]
[BlackElo "1667"]
[BlackRD "93"]
[GameID "286734"]

1. e4 c5 2. Nf3 e6 3. d4 cxd4 4. Nxd4 Nf6 5. Nc3 e5 6. Nf3 Nc6 7. Bb5 Bb4 8. Bd3 Bxc3+ 9. bxc3 O-O 10. O-O d5
11. Re1 dxe4 12. Nxe5 Nxe5 13. Bg5 Nxd3 14. cxd3 exd3 15. Bxf6 Qxf6 16. Qxd3 Rd8 17. Qb5 Bd7 18. Qxb7 Bc6 19. Qb4 Rab8 20. Qa5 Rd2
21. Rad1 Qxf2+ 22. Kh1 Qxg2#
0-1

[Event "Super-Match ICF -v- NE"]
[Site "SchemingMind.com"]
[Date "2011.06.19"]
[Round "-"]
[White "turbo_lag"]
[Black "agoodhobby"]
[Result "1-0"]
[WhiteCountry "USA"]
[BlackCountry "USA"]
[WhiteElo "1660"]
[WhiteRD "93"]
[BlackElo "1538"]
[BlackRD "74"]
[GameID "286754"]

1. e4 c5 2. Nf3 d6 3. Nc3 Nc6 4. d4 cxd4 5. Nxd4 Nf6 6. Bb5 Bd7 7. O-O g6 8. Re1 Bg7 9. h3 O-O 10. a3 a6
11. Nxc6 bxc6 12. Bc4 e6 13. Qxd6 Ne8 14. Qd3 Qc7 15. Rd1 Bc8 16. Ne2 Qb6 17. Nc3 Nc7 18. Be3 Qa5 19. b4 Qe5 20. Bd4 Qd6
21. Bxg7 Qxd3 22. Rxd3 Kxg7 23. a4 a5 24. b5 cxb5 25. axb5 e5 26. b6 Ne6 27. Rd5 Nd4 28. Rxe5 Nxc2 29. Raxa5 Rxa5 30. Rxa5 Re8
31. Bd5 Nb4 32. b7 Nxd5 33. b8=Q
1-0

[Event "Super-Match ICF -v- NE"]
[Site "SchemingMind.com"]
[Date "2011.06.17"]
[Round "-"]
[White "Lee Shuck"]
[Black "Tumbleweed"]
[Result "1-0"]
[WhiteCountry "ENG"]
[BlackCountry "ENG"]
[WhiteElo "1349"]
[WhiteRD "103"]
[BlackElo "1351"]
[BlackRD "113"]
[GameID "286735"]

1. e4 e5 2. Nf3 Nc6 3. Bb5 Nf6 4. Nc3 Bc5 5. O-O a6 6. Bxc6 dxc6 7. Nxe5 O-O 8. d3 Bg4 9. Nxg4 Nxg4 10. h3 Ne5
11. Re1 Bd4 12. Bd2 Qh4 13. Be3 c5 14. Bxd4 cxd4 15. Nd5 c6 16. Nb6 Rad8 17. Nc4 Rfe8 18. Nxe5 Rxe5 19. Qf3 Qg5 20. g3 Rde8
21. h4 Qg6 22. c3 Rd8 23. cxd4 Rxd4 24. Rac1 b5 25. Re3 c5 26. Qf5 Qe6 27. Qxe6 fxe6 28. g4 Ra4 29. a3 c4 30. dxc4 bxc4
31. f4 Rc5 32. Rec3 Rc6 33. f5 Kf7 34. b3 Ra5 35. bxc4 g6 36. fxg6+ hxg6 37. Kf2 Rc8 38. Kf3 Rh8 39. Kg3 Rc5 40. g5 Rd8
41. Kg4 Rd2= 42. Rf1+ Ke7 43. Rf6 Rd4 44. Kf4 Rf5+ 45. Ke3 Rxf6 46. gxf6+
1-0

[Event "Super-Match ICF -v- NE"]
[Site "SchemingMind.com"]
[Date "2011.06.17"]
[Round "-"]
[White "Tumbleweed"]
[Black "Lee Shuck"]
[Result "1-0"]
[WhiteCountry "ENG"]
[BlackCountry "ENG"]
[WhiteElo "1387"]
[WhiteRD "113"]
[BlackElo "1334"]
[BlackRD "105"]
[GameID "286755"]

1. e4 e5 2. Nf3 Nc6 3. g3 Nf6 4. Nc3 Bc5 5. Qe2 O-O 6. d3 d6 7. Be3 Bxe3 8. Qxe3 Bg4 9. Ng5 Nd4 10. Rc1 Nf3+
11. Nxf3 Re8 12. Bg2 Bxf3 13. Bxf3 c6 14. O-O b5 15. d4 b4 16. Ne2 a5 17. Rfd1 exd4 18. Qxd4 c5 19. Qe3 Ra7 20. Qf4 d5
21. exd5 Rd7 22. d6 Re6 23. Bg4 Rexd6 24. Bxd7 Qxd7 25. Rxd6 Qe8 26. Re1 g6 27. Qxf6 Kf8 28. Rd8
1-0

[Event "Super-Match ICF -v- NE"]
[Site "SchemingMind.com"]
[Date "2011.06.16"]
[Round "-"]
[White "stephen horton"]
[Black "Carl Lenox"]
[Result "0-1"]
[WhiteCountry "USA"]
[BlackCountry "CAN"]
[WhiteElo "1374"]
[WhiteRD "86"]
[BlackElo "1371"]
[BlackRD "81"]
[GameID "286736"]

1. e4 c5 2. Nc3 d6 3. d3 Nc6 4. Nf3 Nf6 5. Be3 a6 6. Be2 e6 7. O-O b5 8. Ng5 b4 9. Na4 Be7 10. c3 a5
11. d4 Bd7 12. e5 Nd5 13. exd6 Bxg5 14. Bxg5 Qxg5 15. dxc5 Nf4 16. Bb5 Qxg2#
0-1

[Event "Super-Match ICF -v- NE"]
[Site "SchemingMind.com"]
[Date "2011.06.16"]
[Round "-"]
[White "Carl Lenox"]
[Black "stephen horton"]
[Result "1-0"]
[WhiteCountry "CAN"]
[BlackCountry "USA"]
[WhiteElo "1388"]
[WhiteRD "85"]
[BlackElo "1354"]
[BlackRD "89"]
[GameID "286756"]

1. e4 c6 2. d4 d5 3. Nc3 dxe4 4. Nxe4 Nd7 5. Bd3 Ngf6 6. Ng5 Nb6 7. N1f3 Bg4 8. O-O Nbd5 9. Re1 h6 10. Ne4 Nxe4
11. Rxe4 h5 12. c3 Qd6 13. c4 c5 14. cxd5 Qxd5 15. Qa4+ Bd7 16. Qc2 e6 17. Re5 Qc6 18. d5 Qd6 19. Bf4 O-O-O 20. Ng5 Qe7
21. Be4 Kb8 22. Rxe6+ Ka8 23. Rxe7 Bxe7 24. Nxf7 Rdf8 25. d6 Rxf7 26. Qb3 Bc6 27. Qxf7 Re8 28. Bxc6
1-0